000
00341nam a22001457a 4500
999
_c
9272
_d
9272
003
OSt
008
201120b ||||| |||| 00| 0 eng d
100
_a
Agarwal, Rohini
245
_a
Katha Karam
250
_a
2nd ed
260
_a
New Delhi
_b
Khatu Shyam Prakashan
_c
2012
300
_a
122
650
_a
B.A Hons. English
942
_2
ddc
_c
BK
_0
5